|
|
|
|
| LEADER |
00636nab a2200181 i 4500 |
| 001 |
acta21681 |
| 005 |
20210527082308.0 |
| 008 |
161015s1967 hu o 0|| eng d |
| 022 |
|
|
|a 0563-0592
|
| 040 |
|
|
|a SZTE Egyetemi Kiadványok Repozitórium
|b hun
|
| 041 |
|
|
|a eng
|
| 100 |
1 |
|
|a Zsoldos Ferenc
|
| 245 |
1 |
4 |
|a The ion uptake of rice plants by different pH values
|h [elektronikus dokumentum] :
|b F. Zsoldos /
|c Zsoldos Ferenc
|
| 260 |
|
|
|c 1967
|
| 300 |
|
|
|a 113-118
|
| 490 |
0 |
|
|a Acta biologica
|v 13 No. 3-4
|
| 695 |
|
|
|a Természettudomány
|
| 856 |
4 |
0 |
|u http://acta.bibl.u-szeged.hu/21681/1/biologica_013_fasc_003_004_113-118.pdf
|z Dokumentum-elérés
|